[Event "Teplice op 18th"]
[Site "Teplice"]
[Date "2025.06.21"]
[Round "8"]
[White "Bures, Jaroslav"]
[Black "Audi, Ameya"]
[Result "1/2-1/2"]
[WhiteElo "2387"]
[BlackElo "2407"]
[PlyCount "61"]
[EventDate "2025.06.14"]
[EventType "swiss"]
[EventRounds "9"]
[EventCountry "CZE"]
[SourceTitle "CB26_2025"]
[SourceDate "2025.06.25"]
[SourceVersion "1"]
[SourceVersionDate "2025.06.25"]
[SourceQuality "1"]

1. Nf3 Nf6 2. g3 d5 3. Bg2 c5 4. 0-0 g6 5. c3 Bg7 6. d4 cxd4 7. cxd4 0-0 8. Nc3 Ne4 9. Bd2 Nc6 10. e3 Nxd2 11. Qxd2 e6 12. Rfc1 Bd7 13. a3 Na5 14. Qd1 Qb6 15. b4 Nc4 16. Nd2 Nxd2 17. Qxd2 Rfc8 18. Qd1 Rc7 19. Na4 Bxa4 20. Qxa4 Rac8 21. Rxc7 Rxc7 22. Bf1 Bf8 23. Ra2 Kg7 24. Rc2 a6 25. Bd3 Be7 26. Rxc7 Qxc7 27. Qc2 Qxc2 28. Bxc2 a5 29. bxa5 Bxa3 30. Bd3 Bb4 31. a6 1/2-1/2

[Event "Teplice op 18th"]
[Site "Teplice"]
[Date "2025.06.17"]
[Round "4"]
[White "Jacobson, Brandon"]
[Black "Bures, Jaroslav"]
[Result "1/2-1/2"]
[WhiteElo "2582"]
[BlackElo "2387"]
[PlyCount "71"]
[EventDate "2025.06.14"]
[EventType "swiss"]
[EventRounds "9"]
[EventCountry "CZE"]
[SourceTitle "CB26_2025"]
[SourceDate "2025.06.25"]
[SourceVersion "1"]
[SourceVersionDate "2025.06.25"]
[SourceQuality "1"]

1. d4 d5 2. c4 c6 3. Nf3 Nf6 4. e3 Bf5 5. Nc3 e6 6. Nh4 Bg6 7. Be2 a6 8. 0-0 dxc4 9. Nxg6 hxg6 10. Bxc4 c5 11. Be2 Nc6 12. dxc5 Bxc5 13. Bf3 Qc7 14. g3 Ne5 15. Bg2 Rd8 16. Qe2 Bb4 17. Ne4 0-0 18. Nxf6+ gxf6 19. a3 Be7 20. h4 Rd7 21. h5 Qc4 22. Qxc4 Nxc4 23. hxg6 fxg6 24. b3 Na5 25. Rb1 Kf7 26. Bf3 Rc8 27. Rd1 Rxd1+ 28. Bxd1 Rd8 29. Bb2 f5 30. Bc3 Nc6 31. b4 Rd3 32. Rc1 Bf6 33. Bxf6 Kxf6 34. Bf3 Rxa3 35. Bxc6 bxc6 36. Rxc6 1/2-1/2

[Event "Teplice op 18th"]
[Site "Teplice"]
[Date "2025.06.16"]
[Round "3"]
[White "Bures, Jaroslav"]
[Black "Filindash, Nikita"]
[Result "1-0"]
[WhiteElo "2387"]
[BlackElo "2248"]
[PlyCount "61"]
[EventDate "2025.06.14"]
[EventType "swiss"]
[EventRounds "9"]
[EventCountry "CZE"]
[SourceTitle "CB26_2025"]
[SourceDate "2025.06.25"]
[SourceVersion "1"]
[SourceVersionDate "2025.06.25"]
[SourceQuality "1"]

1. e4 e5 2. Nf3 Nf6 3. Nxe5 d6 4. Nd3 Nxe4 5. Qe2 Qe7 6. Nf4 c6 7. f3 Nf6 8. h4 d5 9. d4 Bf5 10. c3 h5 11. Kf2 Qxe2+ 12. Bxe2 Nbd7 13. Nd2 Bd6 14. Nf1 Nf8 15. Ng3 Bc2 16. Nd3 Ne6 17. Nf5 Bc7 18. Ne3 Bxd3 19. Bxd3 g6 20. g3 0-0-0 21. Ng2 Ne8 22. Bg5 f6 23. Bf4 Nxf4 24. Nxf4 Bxf4 25. gxf4 f5 26. Rag1 Nd6 27. Rxg6 Kd7 28. Rg7+ Ke6 29. Re1+ Kf6 30. Rg5 Rdg8 31. Re5 1-0

[Event "Teplice op 18th"]
[Site "Teplice"]
[Date "2025.06.15"]
[Round "2"]
[White "Juhanak, Daniel"]
[Black "Bures, Jaroslav"]
[Result "0-1"]
[WhiteElo "2113"]
[BlackElo "2387"]
[PlyCount "130"]
[EventDate "2025.06.14"]
[EventType "swiss"]
[EventRounds "9"]
[EventCountry "CZE"]
[SourceTitle "CB26_2025"]
[SourceDate "2025.06.25"]
[SourceVersion "1"]
[SourceVersionDate "2025.06.25"]
[SourceQuality "1"]

1. e4 g6 2. d4 Bg7 3. Nf3 d6 4. Nc3 Bg4 5. Bc4 e6 6. Be3 Nc6 7. d5 exd5 8. Nxd5 Nf6 9. h3 Bxf3 10. Qxf3 Ne5 11. Nxf6+ Bxf6 12. Qe2 Qe7 13. Bb3 Nd7 14. 0-0-0 Qxe4 15. Qb5 a6 16. Bxf7+ Kxf7 17. Qxd7+ Qe7 18. Qg4 Rhe8 19. Qc4+ Kg7 20. h4 Qf7 21. Qxf7+ Kxf7 22. h5 g5 23. Rd5 h6 24. c4 Re4 25. b3 b5 26. c5 Ke6 27. Rhd1 Be5 28. g3 Rf8 29. R5d3 Rf3 30. Kd2 Kf5 31. Rc1 Kg4 32. Ke2 a5 33. c6 a4 34. Rc2 Rf7 35. Rd5 axb3 36. axb3 Rb4 37. Rd3 Kxh5 38. Ra2 Kg6 39. Ra7 g4 40. Rb7 h5 41. Bd2 Re4+ 42. Re3 Rxe3+ 43. Bxe3 Kf5 44. Rxb5 Ke4 45. b4 d5 46. Ba7 Rf6 47. Rb8 Rxc6 48. Bc5 Ra6 49. Re8 Ra2+ 50. Ke1 d4 51. b5 Rb2 52. Bf8 Rxb5 53. Kd2 Rb2+ 54. Ke1 Rb5 55. Kd2 Kf3 56. Kd3 Kxf2 57. Kc4 c6 58. Re6 Kxg3 59. Rxc6 Rb8 60. Bb4 h4 61. Re6 Kf4 62. Bd2+ Kf5 63. Rh6 Rh8 64. Kd5 Rxh6 65. Bxh6 h3 0-1

[Event "Teplice op 18th"]
[Site "Teplice"]
[Date "2025.06.14"]
[Round "1"]
[White "Bures, Jaroslav"]
[Black "Zemlicka, Vit"]
[Result "1-0"]
[WhiteElo "2387"]
[BlackElo "2055"]
[PlyCount "77"]
[EventDate "2025.06.14"]
[EventType "swiss"]
[EventRounds "9"]
[EventCountry "CZE"]
[SourceTitle "CB26_2025"]
[SourceDate "2025.06.25"]
[SourceVersion "1"]
[SourceVersionDate "2025.06.25"]
[SourceQuality "1"]

1. d4 Nf6 2. c4 g6 3. Nc3 Bg7 4. e4 d6 5. Nf3 0-0 6. h3 e5 7. d5 a5 8. g4 Na6 9. Be3 Nd7 10. Rg1 Ndc5 11. h4 Kh8 12. g5 f5 13. h5 fxe4 14. Nh4 Bf5 15. h6 Bxh6 16. Nxf5 gxf5 17. gxh6 Qh4 18. Rg3 Rg8 19. Bxc5 Nxc5 20. Rh3 Qg5 21. Qh5 Qf6 22. 0-0-0 Rg5 23. Qh4 Rag8 24. Nb5 Qf7 25. Rg3 R5g6 26. Be2 Na6 27. Rdg1 Rxg3 28. Rxg3 Rg6 29. Kd2 Qf6 30. Qxf6+ Rxf6 31. Rh3 Kg8 32. Ke3 Kf8 33. Rh5 Ke7 34. Rg5 Rf7 35. Bh5 f4+ 36. Kxe4 Nc5+ 37. Kf3 e4+ 38. Ke2 Kf6 39. Rg4 1-0

[Event "SVK-chT 2425"]
[Site "Slovakia"]
[Date "2025.02.15"]
[Round "5.3"]
[White "Piesik, Piotr"]
[Black "Bures, Jaroslav"]
[Result "1/2-1/2"]
[WhiteElo "2422"]
[BlackElo "2400"]
[PlyCount "72"]
[EventDate "2024.11.23"]
[EventType "team-tourn"]
[EventRounds "11"]
[EventCountry "SVK"]
[SourceTitle "CB14_2025"]
[SourceDate "2024.11.01"]
[SourceVersion "1"]
[SourceVersionDate "2024.11.01"]
[SourceQuality "1"]
[WhiteTeam "Cadca Caissa"]
[BlackTeam "Bratislava Slovan"]
[WhiteTeamCountry "SVK"]
[BlackTeamCountry "SVK"]

1. d4 Nf6 2. c4 e6 3. Nc3 Bb4 4. Bf4 c5 5. e3 cxd4 6. exd4 d5 7. c5 Bxc3+ 8. bxc3 0-0 9. Bd3 b6 10. cxb6 axb6 11. Nf3 Ba6 12. 0-0 Ne4 13. Bxa6 Rxa6 14. Qb3 Nd7 15. Rfc1 Qf6 16. Be3 Qe7 17. c4 Ra3 18. Qb2 dxc4 19. Rxc4 Rfa8 20. Ne5 Nef6 21. Bg5 Qe8 22. Bxf6 Nxf6 23. Rc7 Qa4 24. h3 Nd5 25. Rxf7 Rxa2 26. Rxa2 Qxa2 27. Qb5 Qa1+ 28. Kh2 Qxd4 29. Nf3 Qa4 30. Qxa4 Rxa4 31. Rb7 h6 32. Ne5 Ra2 33. Kg3 Rb2 34. h4 Nf6 35. f3 Kh7 36. Kh3 Re2 1/2-1/2

[Event "CZE-chT1E 2425"]
[Site "Czech Republic"]
[Date "2025.01.05"]
[Round "5.3"]
[White "Bures, Jaroslav"]
[Black "Rasik, Vitezslav"]
[Result "0-1"]
[WhiteElo "2407"]
[BlackElo "2415"]
[PlyCount "42"]
[EventDate "2024.10.20"]
[EventType "team-tourn"]
[EventRounds "11"]
[EventCountry "CZE"]
[SourceTitle "CB16_2025"]
[SourceDate "2025.04.16"]
[SourceVersion "1"]
[SourceVersionDate "2025.04.16"]
[SourceQuality "1"]
[WhiteTeam "Jundrov Jezdci"]
[BlackTeam "Poruba Slavoj II"]
[WhiteTeamCountry "CZE"]
[BlackTeamCountry "CZE"]

1. e4 d6 2. d4 g6 3. Nc3 Bg7 4. Be3 Nf6 5. Qd2 c6 6. Bh6 Bxh6 7. Qxh6 Qa5 8. Bd3 c5 9. Nge2 Nc6 10. d5 Ne5 11. f4 Neg4 12. Qh4 c4 13. Bxc4 Ne3 14. Bb5+ Qxb5 15. Nxb5 Nxg2+ 16. Kf2 Nxh4 17. Nc7+ Kd8 18. Nxa8 Nxe4+ 19. Ke3 Bf5 20. c4 Kd7 21. Ng3 Nf6 0-1

[Event "CZE-ch Blitz"]
[Site "Brno"]
[Date "2024.12.21"]
[Round "13"]
[White "Bures, Jaroslav"]
[Black "Bernasek, Jan"]
[Result "1-0"]
[WhiteElo "2404"]
[BlackElo "2501"]
[PlyCount "121"]
[EventDate "2024.12.21"]
[EventType "swiss (blitz)"]
[EventRounds "15"]
[EventCountry "CZE"]
[SourceTitle "CB52_2024"]
[SourceDate "2024.12.25"]
[SourceVersion "1"]
[SourceVersionDate "2024.12.25"]
[SourceQuality "1"]

1. e4 c5 2. Nf3 e6 3. d4 cxd4 4. Nxd4 a6 5. Bd3 Bc5 6. Nb3 Be7 7. Qe2 d6 8. Nc3 Nf6 9. a4 Nc6 10. a5 0-0 11. Be3 e5 12. Bb6 Qe8 13. Nd5 Nxd5 14. exd5 Nb8 15. 0-0 Nd7 16. Be3 f5 17. f3 Nf6 18. c4 Bd7 19. Nd2 Qh5 20. f4 Qg6 21. h3 Rae8 22. Qf2 e4 23. Be2 Nh5 24. Kh2 Qh6 25. Ra3 Nf6 26. Kg1 Bd8 27. b4 Qg6 28. Rd1 Qf7 29. Nf1 Kh8 30. Ng3 Rg8 31. Bd4 Bc8 32. Kh2 Nd7 33. Qe3 Bf6 34. c5 Bxd4 35. Qxd4 Nf6 36. c6 g5 37. cxb7 Bxb7 38. Nh5 Ref8 39. Nxf6 Qxf6 40. Rg3 Qxd4 41. Rxd4 gxf4 42. Rxg8+ Kxg8 43. b5 axb5 44. Bxb5 Kf7 45. a6 Ba8 46. Bc6 Kf6 47. Rb4 Ke5 48. a7 Bxc6 49. dxc6 Ra8 50. c7 e3 51. Kg1 f3 52. gxf3 Rg8+ 53. Kf1 d5 54. Rb8 Rg3 55. c8Q Kf4 56. Qc7+ Kxf3 57. Qxg3+ Kxg3 58. Ke2 f4 59. Rg8+ Kh2 60. a8Q d4 61. Qg2# 1-0

[Event "CZE-chT 2425"]
[Site "Czech Republic"]
[Date "2024.11.03"]
[Round "2.7"]
[White "Flajsman, Pavel"]
[Black "Bures, Jaroslav"]
[Result "0-1"]
[WhiteElo "2179"]
[BlackElo "2405"]
[PlyCount "88"]
[EventDate "2024.11.01"]
[EventType "team-tourn"]
[EventRounds "11"]
[EventCountry "CZE"]
[SourceTitle "CB45_2024"]
[Source "ChessBase"]
[SourceDate "2024.11.06"]
[SourceVersion "1"]
[SourceVersionDate "2024.11.06"]
[SourceQuality "1"]
[WhiteTeam "Ingem Line"]
[BlackTeam "Kromeriz Slavia"]
[WhiteTeamCountry "CZE"]
[BlackTeamCountry "CZE"]

1. Nf3 g6 2. d4 Nf6 3. Nbd2 d5 4. e3 Bg7 5. b4 a5 6. b5 c5 7. bxc6 Nxc6 8. a4 0-0 9. c3 e5 10. Ba3 Re8 11. Bb5 e4 12. Ng1 Bd7 13. h3 Na7 14. c4 Nxb5 15. cxb5 Nh5 16. Ne2 Qg5 17. g4 Nf6 18. Bd6 Rac8 19. Qb3 Qh4 20. Bg3 Qh6 21. h4 g5 22. Bf4 Nxg4 23. Bxg5 Qe6 24. h5 Qf5 25. Bh4 Bh6 26. Bg3 Be6 27. Nf4 Kh8 28. Rh4 Rg8 29. Ke2 b6 30. Qb2 Nf6 31. Rc1 Bxf4 32. Bxf4 Nxh5 33. Rch1 Nxf4+ 34. Rxf4 Qg6 35. Nxe4 Bg4+ 36. f3 Bxf3+ 37. Rxf3 Qxe4 38. Rc1 Rg2+ 39. Rf2 Qg4+ 40. Ke1 Rg1+ 41. Rf1 Rxf1+ 42. Kxf1 Qf3+ 43. Ke1 Qxe3+ 44. Kd1 Rxc1+ 0-1

[Event "AUT-chT 2425"]
[Site "Austria"]
[Date "2024.10.13"]
[Round "5.6"]
[White "Bures, Jaroslav"]
[Black "Brunello, Sabino"]
[Result "1/2-1/2"]
[WhiteElo "2407"]
[BlackElo "2514"]
[PlyCount "61"]
[EventDate "2024.10.09"]
[EventType "team-tourn"]
[EventRounds "11"]
[EventCountry "AUT"]
[SourceTitle "CB42_2024"]
[Source "ChessBase"]
[SourceDate "2024.10.16"]
[SourceVersion "1"]
[SourceVersionDate "2024.10.16"]
[SourceQuality "1"]
[WhiteTeam "Mistelbach"]
[BlackTeam "Raika Feffernitz"]
[WhiteTeamCountry "AUT"]
[BlackTeamCountry "AUT"]

1. d4 d5 2. c4 dxc4 3. Nf3 Nf6 4. Nc3 a6 5. e3 e6 6. Bxc4 b5 7. Be2 Bb7 8. 0-0 Nbd7 9. b3 c5 10. Bb2 Be7 11. dxc5 Nxc5 12. b4 Ncd7 13. a4 bxa4 14. Qxa4 0-0 15. Rfd1 Qe8 16. h3 Nb6 17. Qxe8 Rfxe8 18. Na4 Nxa4 19. Rxa4 Nd5 20. b5 axb5 21. Bxb5 Rxa4 22. Bxa4 Ra8 23. Ra1 Bf6 24. Rb1 Rxa4 25. Bxf6 Rb4 26. Rxb4 Nxb4 27. Bc3 Bxf3 28. Bxb4 Bc6 29. f4 h5 30. h4 f6 31. g3 1/2-1/2

[Event "AUT-chT 2425"]
[Site "Austria"]
[Date "2024.10.10"]
[Round "2.5"]
[White "Bures, Jaroslav"]
[Black "Horvath, Maria"]
[Result "1-0"]
[WhiteElo "2407"]
[BlackElo "1893"]
[PlyCount "85"]
[EventDate "2024.10.09"]
[EventType "team-tourn"]
[EventRounds "11"]
[EventCountry "AUT"]
[SourceTitle "CB42_2024"]
[Source "ChessBase"]
[SourceDate "2024.10.16"]
[SourceVersion "1"]
[SourceVersionDate "2024.10.16"]
[SourceQuality "1"]
[WhiteTeam "Mistelbach"]
[BlackTeam "Pamhagen"]
[WhiteTeamCountry "AUT"]
[BlackTeamCountry "AUT"]

1. e4 e6 2. d4 d5 3. Nd2 Nf6 4. e5 Nfd7 5. c3 c5 6. Bd3 Nc6 7. Ne2 cxd4 8. cxd4 Qb6 9. Nf3 Bb4+ 10. Kf1 a5 11. h4 f6 12. Nf4 fxe5 13. dxe5 Nf8 14. Nh5 Rg8 15. Rh3 Bd7 16. Rg3 0-0-0 17. Be3 Bc5 18. Bxc5 Qxc5 19. Nf6 gxf6 20. Rxg8 Kb8 21. exf6 e5 22. Rg5 Qd6 23. Rc1 h6 24. Rxc6 Bxc6 25. Rxe5 Qxf6 26. Qe2 d4 27. Rxa5 Bxf3 28. gxf3 Nd7 29. Qe4 Rc8 30. b4 Rc1+ 31. Kg2 Qg7+ 32. Qg4 Qxg4+ 33. fxg4 Rd1 34. Bf5 Kc7 35. g5 hxg5 36. hxg5 Kd6 37. Bxd7 Kxd7 38. g6 Ke7 39. Rf5 d3 40. g7 d2 41. g8Q Rg1+ 42. Kxg1 d1Q+ 43. Kg2 1-0

[Event "La Palma Island op"]
[Site "Santa Cruz de La Palma"]
[Date "2024.08.08"]
[Round "9"]
[White "Bures, Jaroslav"]
[Black "Gil Alba, Hector Luis"]
[Result "1/2-1/2"]
[WhiteElo "2420"]
[BlackElo "2295"]
[PlyCount "138"]
[EventDate "2024.08.02"]
[EventType "swiss"]
[EventRounds "10"]
[EventCountry "ESP"]
[SourceTitle "CBM 221 Extra"]
[Source "ChessBase"]
[SourceDate "2024.09.30"]
[SourceVersion "1"]
[SourceVersionDate "2024.09.30"]
[SourceQuality "1"]

1. d4 Nf6 2. c4 e6 3. Nc3 Bb4 4. Qc2 d6 5. e3 0-0 6. Bd3 e5 7. Nge2 Bxc3+ 8. bxc3 Nc6 9. Ba3 Re8 10. e4 b6 11. 0-0 Ba6 12. Rad1 Na5 13. dxe5 dxe5 14. Bb4 Nc6 15. Qa4 Nxb4 16. cxb4 Qc8 17. Nc3 c6 18. Be2 Bb7 19. c5 Qc7 20. Rd6 a5 21. Rfd1 axb4 22. Qxb4 bxc5 23. Qxc5 Qe7 24. f3 Rad8 25. Na4 Ra8 26. Nb6 Rad8 27. Qb4 Nd5 28. Nxd5 Qxd6 29. Qxd6 Rxd6 30. Ne7+ Kf8 31. Rxd6 Kxe7 32. Rd2 Ra8 33. Kf2 Bc8 34. Bc4 Be6 35. Bxe6 Kxe6 36. Ke1 g6 37. Kd1 f5 38. Kc1 fxe4 39. fxe4 Ra4 40. Re2 Kd6 41. Kb2 Kc5 42. a3 Kc4 43. Rc2+ Kb5 44. Re2 c5 45. Kb3 Rd4 46. Re3 c4+ 47. Kc3 Kc5 48. a4 Rd7 49. Rf3 Rb7 50. a5 Rb5 51. a6 Ra5 52. Rf6 Kb5 53. Re6 Ra3+ 54. Kb2 Rxa6 55. Rxe5+ Kb4 56. Re7 c3+ 57. Kb1 h5 58. e5 Kb3 59. Rb7+ Kc4 60. Rd7 Re6 61. Rd6 Rxe5 62. Rxg6 Re1+ 63. Kc2 Re2+ 64. Kc1 Rf2 65. h4 Rf4 66. g3 Re4 67. Rg5 Re1+ 68. Kc2 Re2+ 69. Kc1 Re1+ 1/2-1/2

[Event "La Palma Island op"]
[Site "Santa Cruz de La Palma"]
[Date "2024.08.04"]
[Round "4"]
[White "Fuentes Godoy, Lilia Ivonne"]
[Black "Bures, Jaroslav"]
[Result "0-1"]
[WhiteElo "2131"]
[BlackElo "2420"]
[PlyCount "74"]
[EventDate "2024.08.02"]
[EventType "swiss"]
[EventRounds "10"]
[EventCountry "ESP"]
[SourceTitle "CBM 221 Extra"]
[Source "ChessBase"]
[SourceDate "2024.09.30"]
[SourceVersion "1"]
[SourceVersionDate "2024.09.30"]
[SourceQuality "1"]

1. d4 Nf6 2. c4 g6 3. Nc3 d5 4. cxd5 Nxd5 5. Nf3 Bg7 6. e3 0-0 7. Bd2 Nb6 8. Be2 Nc6 9. 0-0 Be6 10. Rc1 a5 11. b3 Qc8 12. Ng5 Bd7 13. Nge4 e5 14. d5 Nb4 15. Bc4 Bf5 16. Ng3 Bd3 17. Bxd3 Nxd3 18. Rb1 f5 19. e4 f4 20. Qf3 Nc5 21. Nge2 Rf7 22. Rfc1 Bf8 23. Rc2 h5 24. Nc1 Nbd7 25. Qh3 Ra6 26. f3 g5 27. Na4 g4 28. fxg4 Nxe4 29. gxh5 Ng5 30. Qg4 Rg7 31. Bxa5 Rxa5 32. h6 Rg6 33. h4 Nf3+ 34. Qxf3 Nf6 35. Nc3 Rg3 36. Qe2 Qf5 37. Nd3 Rxd3 0-1

[Event "La Palma Island op"]
[Site "Santa Cruz de La Palma"]
[Date "2024.08.03"]
[Round "2"]
[White "Amador Garcia, Ismael"]
[Black "Bures, Jaroslav"]
[Result "1-0"]
[WhiteElo "2172"]
[BlackElo "2420"]
[PlyCount "107"]
[EventDate "2024.08.02"]
[EventType "swiss"]
[EventRounds "10"]
[EventCountry "ESP"]
[SourceTitle "CBM 221 Extra"]
[Source "ChessBase"]
[SourceDate "2024.09.30"]
[SourceVersion "1"]
[SourceVersionDate "2024.09.30"]
[SourceQuality "1"]

1. e4 d5 2. exd5 Qxd5 3. Nc3 Qa5 4. d4 Nf6 5. Bd2 Bg4 6. f3 Bd7 7. Bc4 Qb6 8. Nge2 e6 9. 0-0 Bb4 10. Bg5 Nc6 11. Kh1 Na5 12. Bd3 h6 13. Be3 0-0-0 14. Bg1 c5 15. Rb1 c4 16. Be4 Kb8 17. Qe1 Qc7 18. a3 Bd6 19. b4 cxb3 20. cxb3 Rc8 21. b4 Nc4 22. Bd3 Nd5 23. Bxc4 Qxc4 24. Ne4 Be7 25. Nc5 Bb5 26. Ng3 Bxc5 27. bxc5 Rc7 28. Qe5 f6 29. Qd6 Re8 30. Rfe1 Nc3 31. Rbc1 Qd5 32. Qf4 Na2 33. Rc2 Ba4 34. Rb2 Bb3 35. Qe3 Bc4 36. Ne4 e5 37. Nd6 Re6 38. Qd2 exd4 39. Rxe6 Qxe6 40. Nxc4 Qxc4 41. Rxa2 Rxc5 42. Qxd4 Qxd4 43. Bxd4 Rc1+ 44. Bg1 Kc7 45. g4 b5 46. Kg2 a5 47. Be3 Rc4 48. Kf2 h5 49. h3 hxg4 50. hxg4 Kd7 51. Rb2 Kc6 52. Ke2 Rc3 53. Ra2 Kd5 54. Bd2 1-0

[Event "La Palma Island op"]
[Site "Santa Cruz de La Palma"]
[Date "2024.08.02"]
[Round "1"]
[White "Bures, Jaroslav"]
[Black "De la Cruz Perez, Carlos"]
[Result "1-0"]
[WhiteElo "2420"]
[BlackElo "1837"]
[PlyCount "101"]
[EventDate "2024.08.02"]
[EventType "swiss"]
[EventRounds "10"]
[EventCountry "ESP"]
[SourceTitle "CBM 221 Extra"]
[Source "ChessBase"]
[SourceDate "2024.09.30"]
[SourceVersion "1"]
[SourceVersionDate "2024.09.30"]
[SourceQuality "1"]

1. e4 c5 2. Nf3 Nc6 3. d4 cxd4 4. Nxd4 Nf6 5. Nc3 g6 6. Bc4 Qb6 7. Nxc6 dxc6 8. 0-0 Bg7 9. e5 Ng4 10. e6 f5 11. h3 Nf6 12. a4 a5 13. Be3 Qc7 14. Qd4 Nh5 15. Qb6 Be5 16. Rfe1 0-0 17. Bc5 Ng7 18. Rad1 Qxb6 19. Bxb6 Bb8 20. Rd7 Re8 21. g4 Ba7 22. Bxa7 Rxa7 23. Kg2 Kf8 24. Rd4 b6 25. Re5 Ba6 26. Rd7 Rea8 27. Bxa6 Rxa6 28. Ne2 b5 29. axb5 cxb5 30. Nd4 fxg4 31. hxg4 Rc8 32. f4 b4 33. f5 gxf5 34. gxf5 Nh5 35. Rb5 Nf6 36. Rbb7 Re8 37. Kf3 Raa8 38. Nc6 Nxd7 39. exd7 Red8 40. Ke4 h5 41. Kf4 Kf7 42. Kg5 Rh8 43. Ne5+ Kg7 44. d8Q Rhxd8 45. f6+ Kg8 46. Rxe7 Rd5 47. Kg6 Rf8 48. Rg7+ Kh8 49. Nf7+ Rxf7 50. Rxf7 Kg8 51. Ra7 1-0

[Event "Liberec Desko op"]
[Site "Liberec"]
[Date "2024.07.27"]
[Round "9"]
[White "Cakl, Zdenek"]
[Black "Bures, Jaroslav"]
[Result "1/2-1/2"]
[WhiteElo "2120"]
[BlackElo "2418"]
[PlyCount "55"]
[EventDate "2024.07.20"]
[EventType "swiss"]
[EventRounds "9"]
[EventCountry "CZE"]
[SourceTitle "EXT 2025"]
[Source "ChessBase"]
[SourceDate "2024.10.14"]
[SourceVersion "1"]
[SourceVersionDate "2024.10.14"]
[SourceQuality "1"]

1. Nf3 c5 2. b3 d6 3. Bb2 e5 4. d3 Nc6 5. e3 g6 6. Be2 Bg7 7. 0-0 Nge7 8. c3 0-0 9. d4 exd4 10. cxd4 Bg4 11. Qd2 Bxf3 12. Bxf3 cxd4 13. exd4 Qb6 14. Bxc6 Nxc6 15. d5 Bxb2 16. Qxb2 Ne5 17. Qd2 Rac8 18. Nc3 Qb4 19. Rac1 Rc5 20. Qe3 Rfc8 21. Ne2 Qb6 22. Rxc5 Rxc5 23. Nc3 Qd8 24. h3 a6 25. f4 Nd7 26. f5 Qf8 27. fxg6 hxg6 28. h4 1/2-1/2

[Event "Liberec Desko op"]
[Site "Liberec"]
[Date "2024.07.26"]
[Round "8"]
[White "Bures, Jaroslav"]
[Black "Holasek, Vojtech"]
[Result "1-0"]
[WhiteElo "2418"]
[BlackElo "1907"]
[PlyCount "101"]
[EventDate "2024.07.20"]
[EventType "swiss"]
[EventRounds "9"]
[EventCountry "CZE"]
[SourceTitle "EXT 2025"]
[Source "ChessBase"]
[SourceDate "2024.10.14"]
[SourceVersion "1"]
[SourceVersionDate "2024.10.14"]
[SourceQuality "1"]

1. d4 d5 2. Bf4 Nf6 3. e3 g6 4. c4 e6 5. Nc3 Bg7 6. Rc1 c6 7. Nf3 0-0 8. h3 Qa5 9. c5 b5 10. a3 b4 11. Qa4 Qxa4 12. Nxa4 bxa3 13. bxa3 Ne4 14. Rb1 Nd7 15. Bd3 f6 16. 0-0 e5 17. Bh2 Ng5 18. Nxg5 fxg5 19. e4 exd4 20. exd5 cxd5 21. Rfe1 Nf6 22. c6 Ne4 23. c7 Bf5 24. Rb8 Nc3 25. Nxc3 dxc3 26. Reb1 Raxb8 27. cxb8Q Bxd3 28. Qb3 Bxb1 29. Qxb1 d4 30. Kf1 Re8 31. Qb3+ Kh8 32. Qb5 Rf8 33. Ke2 h5 34. Qxg5 c2 35. Bf4 Kh7 36. Bc1 Rf5 37. Qd8 Rc5 38. Qd7 Rc3 39. Qxa7 Kh8 40. Qa6 Kh7 41. Qb7 Rc4 42. Qb5 Rc3 43. a4 Bh6 44. Qb7+ Kg8 45. Qd5+ Kh7 46. Qd7+ Bg7 47. a5 Rb3 48. a6 Rb1 49. Kd2 d3 50. a7 Ra1 51. Qb7 1-0

[Event "Liberec Desko op"]
[Site "Liberec"]
[Date "2024.07.25"]
[Round "7"]
[White "Bures, Jaroslav"]
[Black "Zima, Jan"]
[Result "1-0"]
[WhiteElo "2418"]
[BlackElo "2241"]
[PlyCount "49"]
[EventDate "2024.07.20"]
[EventType "swiss"]
[EventRounds "9"]
[EventCountry "CZE"]
[SourceTitle "EXT 2025"]
[Source "ChessBase"]
[SourceDate "2024.10.14"]
[SourceVersion "1"]
[SourceVersionDate "2024.10.14"]
[SourceQuality "1"]

1. c4 Nf6 2. Nc3 c5 3. g3 d5 4. cxd5 Nxd5 5. Bg2 Nc7 6. Nf3 Nc6 7. d3 e5 8. Nd2 Bd7 9. 0-0 Be7 10. Nc4 f6 11. f4 b5 12. Ne3 exf4 13. Nf5 b4 14. Nxe7 Qxe7 15. Ne4 fxg3 16. Bf4 gxh2+ 17. Kh1 Ne5 18. Rc1 0-0 19. d4 Bc6 20. dxe5 fxe5 21. Bg5 Rxf1+ 22. Qxf1 Qd7 23. Nxc5 Bxg2+ 24. Qxg2 Qf5 25. Na6 1-0

[Event "Liberec Desko op"]
[Site "Liberec"]
[Date "2024.07.21"]
[Round "2"]
[White "Blazek, Tomas1"]
[Black "Bures, Jaroslav"]
[Result "0-1"]
[WhiteElo "1881"]
[BlackElo "2418"]
[PlyCount "56"]
[EventDate "2024.07.20"]
[EventType "swiss"]
[EventRounds "9"]
[EventCountry "CZE"]
[SourceTitle "EXT 2025"]
[Source "ChessBase"]
[SourceDate "2024.10.14"]
[SourceVersion "1"]
[SourceVersionDate "2024.10.14"]
[SourceQuality "1"]

1. e4 Nf6 2. Nc3 d5 3. exd5 Nxd5 4. g3 Nc6 5. Bg2 Be6 6. Nge2 g6 7. 0-0 Bg7 8. Ne4 0-0 9. Nc5 Bc8 10. c3 e5 11. Qb3 Nb6 12. d3 Rb8 13. a4 Nd7 14. Be3 b6 15. Bxc6 Nxc5 16. Bxc5 Be6 17. Qc2 bxc5 18. f4 Rb6 19. Bb5 a6 20. Bc4 e4 21. Rad1 Qb8 22. Rb1 Rd8 23. Nc1 exd3 24. Bxd3 c4 25. Be4 Rbd6 26. Rf2 Bh3 27. Na2 Qb3 28. Nb4 Rd1+ 0-1

[Event "Liberec Desko op"]
[Site "Liberec"]
[Date "2024.07.20"]
[Round "1"]
[White "Bures, Jaroslav"]
[Black "Lisko, Petr"]
[Result "1-0"]
[WhiteElo "2418"]
[BlackElo "1716"]
[PlyCount "49"]
[EventDate "2024.07.20"]
[EventType "swiss"]
[EventRounds "9"]
[EventCountry "CZE"]
[SourceTitle "EXT 2025"]
[Source "ChessBase"]
[SourceDate "2024.10.14"]
[SourceVersion "1"]
[SourceVersionDate "2024.10.14"]
[SourceQuality "1"]

1. e4 e6 2. d4 d5 3. Nd2 f5 4. e5 Nh6 5. Ndf3 Nf7 6. h4 Be7 7. c4 c6 8. Bd3 0-0 9. Ne2 Bb4+ 10. Kf1 Be7 11. Be3 a6 12. Nf4 b5 13. cxd5 cxd5 14. Rc1 Ra7 15. g4 fxg4 16. Qc2 Nh8 17. Bxh7+ Kf7 18. Bg6+ Kg8 19. Ng5 Bxg5 20. hxg5 Bd7 21. Kg2 Qc8 22. Rxh8+ Kxh8 23. Bf7 Rxf7 24. Rh1+ Kg8 25. Qh7+ 1-0